000 00497nam a2200193Ia 4500
008 220531s9999 xx 000 0 und d
041 _aeng
082 _bREL / KUM
100 _aKumar, Pankaj / Gupta, Sadhna Ed.
_979083
245 _aRelocating Womens Equality
250 _a1ST
260 _aJaipur
_bRawat
_c2015
300 _a318
542 _d15-03-2017
551 _aSociology
_bNon-grant-SCO
650 _aSociology
_979084
906 _d2016-2017
_f10365
999 _c43785
_d43785